A maravilhosa viagem de Nils Holgersson através da Suécia (Registo nº 98)
[ vista simples ]
| 000 -Etiqueta do registo | |
|---|---|
| Cabeçalho | 00892nam0a2200277 4500 |
| 005 - Identificador da versão | |
| Campo de controlo | 20240813121754.0 |
| 095 ## - | |
| -- | PTBN00467717 |
| 010 ## - Número internacional normalizado dos livros (ISBN) | |
| Número (ISBN) | 9727081339 |
| 021 ## - Número do Depósito Legal | |
| Código do país | PT |
| Número | 14144 |
| 100 ## - Dados gerais de processamento | |
| Dados gerais de processamento | 20160310f1993 m y0pory5003 ba |
| 102 ## - Pais de publicação ou produção | |
| País de publicação | Portugal |
| 101 1# - Língua de publicação | |
| Língua do texto, banda sonora, etc. | Português |
| Língua do documento no original | Sueco |
| 215 ## - Descrição física | |
| Indicação específica da natureza do documento e extensão da espécie | 386, [4] p. |
| Outras indicações físicas | il |
| 200 1# - Titulo e menção de responsabilidade | |
| Título próprio | A maravilhosa viagem de Nils Holgersson através da Suécia |
| Primeira menção de responsabilidade | Selma Lagerlöf |
| Outras menções de responsabilidade | trad. de Maria de Castro Henriques Osswald |
| 225 2# - Colecção | |
| Título próprio da colecção | Universos mágicos |
| 210 ## - Publicação, Distribuição, etc. | |
| Lugar da edição, distribuição, etc. | Lisboa |
| Nome do editor, distribuidor, etc. | Relógio d' água Editores |
| Data da publicação, distribuição, etc. | [199-?] |
| 300 ## - Notas gerais | |
| Texto da nota | Plano Nacionl de Leitura |
| 606 ## - Nome comum usado como assunto | |
| Número de registo de entrada de autoridade | 0002771 |
| Palavra de ordem | Literatura sueca |
| Subdivisão de assunto | Conto |
| Código do sistema | CA |
| 675 ## - Classificação Decimal Universal (CDU) | |
| Notação | 821.113.6-34 |
| Edição | 3ª ed. |
| Língua da edição | por |
| 702 #1 - Nome de autor-pessoa física (responsabilidade secundária) | |
| Número de registo de entrada de autoridade | 0002774 |
| Palavra de ordem | Osswald |
| Outra parte do nome não tomada para palavra de ordem | Maria de Castro Henriques |
| Código de função | Tradutor |
| 700 #1 - Nome de autor-pessoa física (responsabilidade principal) | |
| Número de registo de entrada de autoridade | 0002773 |
| Palavra de ordem | Lagerlöf |
| Outra parte do nome não tomada para palavra de ordem | Selma |
| Datas | 1858-1940 |
| 966 ## - Identificação da Biblioteca | |
| Sigla | EB2,3ENM |
| 942 ## - Elementos de entrada adicionados (Koha) | |
| Tipo de item no Koha | Livro |
| Situação do levantamento | Origin of item (home branch) (coded) | Biblioteca de empréstimo | Código de barras | Cota | Circulation type (not for loan) | Tipo de documento | Nota do exemplar | Damaged status |
|---|---|---|---|---|---|---|---|---|
| Biblioteca Escolar Eng. Nuno Mergulhão | Biblioteca Escolar Eng. Nuno Mergulhão | BENM860 | 82LE-34 LAG PNL | Livro | Sem mensagem |
